| 000 | 01267nam a2200229Ia 4500 | ||
|---|---|---|---|
| 999 |
_c37449 _d37449 |
||
| 001 | 3408 | ||
| 003 | GE_BSU | ||
| 005 | 20190607195410.0 | ||
| 008 | 181216s1966||||ge |||||||||||||| ||geo|| | ||
| 040 | _cGE_BSU | ||
| 041 | _ageo | ||
| 080 | _a621.3.01(075.8) ნ–44 | ||
| 100 |
_aნეიმანი, ლეონიდ. _92294 |
||
| 245 |
_aელექტროტექნიკის თეორიული საფუძვლები სამ ნაწილად. ნაწ. მესამე: ელექტრომაგნიტური ველის თეორია : სახელმძღვ. / _cლეონიდ ნეიმანი ; პ. კალანტაროვი. |
||
| 250 | _aთარგ. მე-5 გადამუშ. რუს. გამოცემიდან. | ||
| 264 |
_aთბილისი : _bგანათლება, _c1966. |
||
| 300 |
_a272 გვ .: _c22 სმ. |
||
| 300 | _eნახაზები. | ||
| 653 | _aელექტროტექნიკის თეორიული საფუძვლები.ელექტრომაგნიტური ველის თეორია | ||
| 700 |
_aკალანტაროვი, პ _92295 |
||
| 942 |
_cBK _2udc |
||